|
|
|
|
| LEADER |
00602nam a22001454a 4500 |
| 008 |
131129n enk |||gr||||Z||||||elx |
| 100 |
|
|
|a Kendall, M, G,
|q (Kendall, M, G).
|
| 245 |
|
|
|a A Course in The Geometry of n Dimensions,V8
|c Kendall, M, G
|h Textual Documents
|
| 260 |
|
|
|a London:
|b Charles Griffin & Company Limited,
|c 1961.
|
| 300 |
|
|
|a VIII,63p.
|
| 653 |
|
|
|a Reciprocity,Helmert`s Transformation,Projection,Varieties,Solid Angles
|
| 852 |
|
|
|t 1
|p STA03627
|a S9R1
|b General
|f 00000
|
| 942 |
|
|
|c BK
|
| 999 |
|
|
|c 216956
|d 216956
|
| 952 |
|
|
|0 0
|1 0
|4 0
|7 0
|9 231076
|a STA
|b STA
|d 2019-12-11
|l 0
|p STA03627
|r 2019-12-11
|t 1
|w 2019-12-11
|y BK
|